00506nam a22000857a 4500008004100000082001700041110004200058245031200100300000800412230606b xxu||||| |||| 00| 0 eng d a354.676bMUK bNational Assembly, Bujumbura, burundi aBudget speech presentation of the budget of the east africa community for the financial year 2009/2010 to the east african legislative assemblybBy hon monique mukaruliza, chairperson of the council of ministers of the EAC and minister for EAC Republic of rwanda at the NA, Bujumbura, Burundi, 21st may 2009 a69p